000 00760na a2200253 4500
001 15282
003 MIRAKIL
005 20181213155200.0
008 161006b tu 000 0
035 _a15282
040 _aMilas
_btur
_cTR-AnCHP
041 _atur
082 _a327.569304
_bE33 [t.y.]
090 _a327.569304 E33 [t.y.]
245 _aEgemenlik, Avrupa Birliği ve KKTC
_cyayına hazırlayan Çiler Eminer, Gülden İlkman
260 _aLefkoşa
_bDışişleri ve Savunma Bakanlığı
_c[t.y.]
300 _a104 s.
_c21 sm.
650 _aAvrupa Birliği
_xKKTC
651 _aKKTC
_xUluslararası ilişkiler
_zAvrupa
651 _aKKTC
_xSiyaset ve yönetim
700 _aİncirli, Çiler
700 _aİlkman, Gülden
942 _2ddc
_cBKS
999 _c8099
_d8099